Металлы и сплавы. Анализ и исследование. Физико-аналитические методы исследования металлов и сплавов. Неметаллические включения: справочник

Dades bibliogràfiques
Altres autors: Калинкин И. П. (редактор), Мосичев В. И, Барахтин Б. К. Борис Константинович
Sumari:Очередной том серии справочных изданий «МЕТАЛЛЫ И СПЛАВЫ» посвящен разрешению практически важной проблемы улучшения эксплуатационных качеств материалов, таких как прочность, пластичность, трещиностойкость и др., на основе использования современных физико-аналитических средств и методов контроля структурно-механического состояния материалов на всех стадиях производства, начиная с выплавки металла. Дано краткое изложение концептуальных идей российской научной материаловедческой школы в практической реализации взаимосвязей «химический состав — структура — технология — свойства» на базе достижений фундаментальной науки об определяющей роли многосвязной полимасштабной иерархической соподчиненности ансамблей дефектов кристаллического строения в изменчивости характеристик металлов и сплавов. Приведены справочные данные, необходимые для анализа и классификации неметаллических включений, выявления и анализа структуры металлов и сплавов на макро-, мезо- и микроскопическом масштабных уровнях. Издаваемый том предназначен для научных и инженерно-технических работников, специализирующихся в области материаловедения, диагностики разрушения и оценки металлургического качества металла. Книга будет полезна для аспирантов и студентов металлургических, машиностроительных и политехнических вузов.
Idioma:rus
Publicat: Санкт-Петербург, Профессионал, 2006
Col·lecció:Металлы и сплавы. Анализ и исследование
Matèries:
Format: Llibre
KOHA link:https://koha.lib.tpu.ru/cgi-bin/koha/opac-detail.pl?biblionumber=76195

MARC

LEADER 00000nam0a2200000 4500
001 76195
005 20231101212847.0
010 |a 5983710346 
035 |a (RuTPU)RU\TPU\book\81429 
090 |a 76195 
100 |a 20050413d2006 k y0rusy50 ca 
101 0 |a rus 
102 |a RU 
105 |a a g 001zy 
200 1 |a Металлы и сплавы. Анализ и исследование. Физико-аналитические методы исследования металлов и сплавов. Неметаллические включения  |e справочник  |f под ред. И. П. Калинкина; В. И. Мосичева; Б. К. Барахтина 
210 |a Санкт-Петербург  |c Профессионал  |d 2006 
215 |a 490 с.  |c ил. 
225 1 |a Металлы и сплавы. Анализ и исследование 
320 |a Библиография в конце глав 
330 |a Очередной том серии справочных изданий «МЕТАЛЛЫ И СПЛАВЫ» посвящен разрешению практически важной проблемы улучшения эксплуатационных качеств материалов, таких как прочность, пластичность, трещиностойкость и др., на основе использования современных физико-аналитических средств и методов контроля структурно-механического состояния материалов на всех стадиях производства, начиная с выплавки металла. Дано краткое изложение концептуальных идей российской научной материаловедческой школы в практической реализации взаимосвязей «химический состав — структура — технология — свойства» на базе достижений фундаментальной науки об определяющей роли многосвязной полимасштабной иерархической соподчиненности ансамблей дефектов кристаллического строения в изменчивости характеристик металлов и сплавов. Приведены справочные данные, необходимые для анализа и классификации неметаллических включений, выявления и анализа структуры металлов и сплавов на макро-, мезо- и микроскопическом масштабных уровнях. Издаваемый том предназначен для научных и инженерно-технических работников, специализирующихся в области материаловедения, диагностики разрушения и оценки металлургического качества металла. Книга будет полезна для аспирантов и студентов металлургических, машиностроительных и политехнических вузов. 
606 1 |a Металлы  |x Исследование  |x Математические методы  |2 stltpush  |3 (RuTPU)RU\TPU\subj\66538  |9 82624 
610 1 |a металловедение 
610 1 |a металлические материалы 
610 1 |a внутреннее строение 
610 1 |a сплавы 
610 1 |a теплофизические свойства 
610 1 |a исследования 
610 1 |a калориметрия 
610 1 |a теплопроводность 
610 1 |a термический анализ 
610 1 |a дилатометрия 
610 1 |a плотность 
610 1 |a измерения 
610 1 |a демпфирующая способность 
610 1 |a упругость 
610 1 |a трение 
610 1 |a испарение 
610 1 |a электрические свойства 
610 1 |a магнитные свойства 
610 1 |a световая металлография 
610 1 |a электронная микроскопия 
610 1 |a рентгеноструктурный анализ 
610 1 |a фрактография 
610 1 |a зондовая микроскопия 
610 1 |a неметаллические включения 
610 1 |a справочники 
610 1 |a пар 
610 1 |a давление 
675 |a 669(035)  |v 3 
702 1 |a Калинкин  |b И. П.  |4 340 
702 1 |a Мосичев  |b В. И  |4 340 
702 1 |a Барахтин  |b Б. К.  |g Борис Константинович  |4 340 
801 1 |a RU  |b 63413507  |c 20050413  |g PSBO 
801 2 |a RU  |b 63413507  |c 20210924  |g PSBO 
900 |a Ядерно-физические методы анализа 
900 |a Методы исследования материалов и процессов 
942 |c BK 
959 |a 37/20050413  |d 2  |e 0  |f ЧЗТЛ:2